000
00335nam a22001097a 4500
082
_a
800/SHA
100
_a
साहनी,भीष्म
_9
4838
245
_a
कथा शिखर
260
_a
नई दिल्ली
_b
कौटिल्य बुक्स
_c
2021
650
_a
रचनावली
942
_c
HIN
999
_c
68292
_d
68292